| 000 | 003670000a22001210004500 | ||
|---|---|---|---|
| 090 |
_aAS _bSeriadas |
||
| 245 | 1 | 0 | _aNeotropical tiger beetles (<Coleoptera: CIcindelidae>): checklist and biogeography |
| 041 | 0 | _aInglés | |
| 700 | 1 |
_aPearson, David L. _992341 |
|
| 100 | 1 |
_aCassola, Fabio _99428 |
|
| 942 | _cARTICULO | ||
| 773 | 1 |
_tBiota Colombiana _31061 _h1 _q1-24 _d2001 _g2 |
|
| 999 |
_c15324 _d15324 |
||